|
|
|
|
| LEADER |
00000nam0a2200000 4500 |
| 001 |
315540 |
| 005 |
20231102002805.0 |
| 035 |
|
|
|a (RuTPU)RU\TPU\book\340976
|
| 090 |
|
|
|a 315540
|
| 100 |
|
|
|a 20160302d1935 m y0rusy50 ca
|
| 101 |
0 |
|
|a rus
|
| 102 |
|
|
|a RU
|
| 105 |
|
|
|a a j 001zy
|
| 200 |
1 |
|
|a Торфяные болота
|e происхождение, природа и особенности болот СССР
|e учебник для вузов
|f В. С. Доктуровский
|
| 210 |
|
|
|a Москва
|a Ленинград
|c Главная редакция горно-топливной литературы
|d 1935
|
| 215 |
|
|
|a 224 с.
|c ил.
|
| 320 |
|
|
|a Библиогр. в конце ч.
|
| 320 |
|
|
|9 572
|a Предм. указ.: с. 217-221
|
| 606 |
1 |
|
|a Торфяные болота, бугристые
|2 stltpush
|3 (RuTPU)RU\TPU\subj\61089
|9 78297
|
| 610 |
1 |
|
|a торфяные залежи
|
| 610 |
1 |
|
|a происхождение
|
| 610 |
1 |
|
|a образование
|
| 610 |
1 |
|
|a торфообразователи
|
| 610 |
1 |
|
|a классификация
|
| 610 |
1 |
|
|a заболачивание
|
| 610 |
1 |
|
|a торф
|
| 610 |
1 |
|
|a виды
|
| 610 |
1 |
|
|a свойства
|
| 610 |
1 |
|
|a химические свойства
|
| 610 |
1 |
|
|a физические свойства
|
| 610 |
1 |
|
|a элементный состав
|
| 610 |
1 |
|
|a кислотность
|
| 610 |
1 |
|
|a самовозгорание
|
| 610 |
1 |
|
|a усадка
|
| 610 |
1 |
|
|a влагоемкость
|
| 610 |
1 |
|
|a торфяники
|
| 610 |
1 |
|
|a торфяно-болотные почвы
|
| 610 |
1 |
|
|a стратиграфия
|
| 610 |
1 |
|
|a учебники
|
| 675 |
|
|
|a 553.97(075.8)
|v 4
|
| 700 |
|
1 |
|a Доктуровский
|b В. С.
|
| 801 |
|
1 |
|a RU
|b 63413507
|c 20160302
|
| 801 |
|
2 |
|a RU
|b 63413507
|c 20200702
|g RCR
|
| 942 |
|
|
|c BK
|